logo

Bir Sreshtho Munshi Abdur Rouf Library
Jhenaidah Cadet College

Plant anatomy (Record no. 7621)

MARC details
000 -LEADER
fixed length control field 00674cam a22002651a 4500
001 - CONTROL NUMBER
JCCL Control Number 7621
003 - CONTROL NUMBER IDENTIFIER
JCCL marc code BD-JhCC
005 - DATE AND TIME OF LATEST TRANSACTION
control field 20181006175709.0
008 - FIXED-LENGTH DATA ELEMENTS--GENERAL INFORMATION
fixed length control field 791224s1953 nyua b 000 0 eng
035 ## - SYSTEM CONTROL NUMBER
system control number (BD-JhCC)7621
035 ## - SYSTEM CONTROL NUMBER
system control number 688703
040 ## - CATALOGING SOURCE
Original cataloging agency AK
Transcribing agency AK
Modifying agency ABN:1
-- BD-JhCC
041 ## - LANGUAGE CODE
Language code of Book eng
050 00 - LIBRARY OF CONGRESS CALL NUMBER
Classification number QK671
Item number .E8
082 04 - DEWEY DECIMAL CLASSIFICATION NUMBER
Classification number 581.4
Author mark and Year ESA 1953
100 1# - MAIN ENTRY--PERSONAL NAME
Personal name Esau, Katherine,
Dates associated with a name 1898-
245 10 - TITLE STATEMENT
Title Plant anatomy
Statement of responsibility, etc Katherine Esau,
260 ## - PUBLICATION, DISTRIBUTION, ETC. (IMPRINT)
Place of publication, distribution, etc New York,
Name of publisher, distributor, etc Wiley
Date of publication, distribution, etc [1953]
300 ## - PHYSICAL DESCRIPTION
Pagination 735 p.
Other physical details illus.
Dimensions 24 cm.
504 ## - BIBLIOGRAPHY, ETC. NOTE
Bibliography, etc Includes bibliography.
650 #0 - SUBJECT ADDED ENTRY--TOPICAL TERM
Topical term or geographic name as entry element Plant anatomy.
650 #0 - SUBJECT ADDED ENTRY--TOPICAL TERM
Topical term or geographic name as entry element Plant cells and tissues.
942 ## - ADDED ENTRY ELEMENTS (KOHA)
Source of classification or shelving scheme Dewey Decimal Classification
Koha item type Books
Holdings
Source of classification or shelving scheme Damaged status Not for loan Home library Current library Shelving location Total Checkouts Full call number Barcode Date last seen Copy number Koha item type
Dewey Decimal Classification     JCC Rouf Library JCC Rouf Library General Stacks   581.4 ESA 1953 10262 02/12/2018 C - 1 Books

JCC Library | Contacts | JCC Home

Last Update on 23 September 2017
Copyright @ 2017-2020 JCC Rouf Library
Rouf Library, Jhenidah Cadet College (JCC), Bangladesh